NHL Team 2019-2020 Quiz - Statistics

General Stats
  • This quiz has been taken 63 times
  • The average score is 48 of 93
Answer Stats
Team Player % Correct
Points Nathan MacKinnon
87%
Points Anže Kopitar
85%
Starting Goaltender Carey Price
85%
Points Leon Draisaitl
85%
Points David Pastrňák
83%
Starting Goaltender Tuukka Rask
83%
Points Sebastian Aho
80%
Points Dylan Larkin
78%
Points Jonathan Huberdeau
78%
Points Patrick Kane
78%
Starting Goaltender Sergei Bobrovsky
78%
Points Tyler Seguin
78%
T.O.I Drew Doughty
76%
Points Evgeni Malkin
74%
Starting Goaltender John Gibson
74%
Starting Goaltender Jonathan Quick
74%
Points Roman Josi
74%
T.O.I Roman Josi
74%
Points Auston Matthews
72%
Points Jack Eichel
72%
Points Artemi Panarin
70%
Points Brady Tkachuk
70%
Starting Goaltender Marc-André Fleury
70%
Points Matthew Tkachuk
70%
Points Nikita Kucherov
70%
Starting Goaltender Pekka Rinne
70%
Starting Goaltender Jordan Binnington
65%
T.O.I Kris Letang
65%
Points Mathew Barzal
65%
Starting Goaltender Matt Murray
65%
Starting Goaltender Andrei Vasilevskiy
63%
Starting Goaltender Braden Holtby
63%
T.O.I Charlie McAvoy
63%
Starting Goaltender Frederik Andersen
63%
Starting Goaltender Martin Jones
63%
T.O.I Seth Jones
63%
T.O.I Shea Weber
63%
T.O.I Victor Hedman
63%
Starting Goaltender Corey Crawford
61%
Starting Goaltender Craig Anderson
61%
Starting Goaltender Connor Hellebuyck
59%
T.O.I Duncan Keith
59%
Starting Goaltender Mike Smith
59%
T.O.I Aaron Ekblad
57%
Starting Goaltender Ben Bishop
57%
T.O.I Brent Burns
57%
Starting Goaltender Jacob Markstrom
57%
Points Ryan O'Reilly
57%
Starting Goaltender Semyon Varlamov
57%
T.O.I Alex Pietrangelo
54%
Starting Goaltender Carter Hart
54%
Points John Carlson
54%
T.O.I John Carlson
54%
Points J.T. Miller
54%
T.O.I Miro Heiskanen
54%
Starting Goaltender Darcy Kuemper
50%
T.O.I Morgan Rielly
50%
T.O.I Jaccob Slavin
48%
Starting Goaltender Joonas Korpisalo
48%
T.O.I Mark Giordano
48%
Starting Goaltender Petr Mrázek
48%
T.O.I Ryan Suter
43%
Points Kyle Connor
41%
T.O.I Thomas Chabot
41%
Points Max Pacioretty
39%
Points Pierre-Luc Dubois
39%
Starting Goaltender MacKenzie Blackwood
37%
T.O.I Rasmus Ristolainen
37%
Points Travis Konecny
35%
Starting Goaltender David Rittich
33%
Starting Goaltender Linus Ullmark
33%
T.O.I Shea Theodore
30%
Starting Goaltender Alexandar Georgiev
28%
T.O.I Hampus Lindholm
28%
T.O.I Jacob Trouba
26%
T.O.I Oscar Klefbom
26%
Starting Goaltender Pavel Francouz
26%
T.O.I Ivan Provorov
24%
Starting Goaltender Jonathan Bernier
24%
Points Timo Meier
24%
Points Tomáš Tatar
24%
Points Adam Henrique
22%
Points Kevin Fiala
22%
Points Kyle Palmieri
22%
T.O.I Alexander Edler
17%
Starting Goaltender Alex Stalock
13%
T.O.I Samuel Girard
13%
T.O.I Filip Hronek
11%
Points Nick Schmaltz
11%
T.O.I Ryan Pulock
11%
T.O.I Damon Severson
9%
T.O.I Neal Pionk
7%
T.O.I Alex Goligoski
4%
No matching quizzes found
Score Distribution
Percent of People with Each Score
Percentile by Number Answered
Your Score History
You have not taken this quiz